000 00618nam a2200193Ia 4500
005 20260601193220.0
008 260601s9999||||xx |||||||||||||| ||und||
020 _a978-981-99-7649-2
_qebk
100 _aNguyen Thai-Nghe
245 0 _aIntelligent Systems and Data Science
250 _a1st ed. 2024
260 _aHeidelberg, Germany
_bSpringer Nature
_c2024
440 _aCommunications in Computer and Information Science
650 _aComputer Science
700 _aPeter Haddawy
700 _aThanh-Nghi Do
856 _uhttps://link.springer.com/openurl?genre=book&isbn=978-981-99-7649-2
942 _cEB
_2ddc
999 _c55762
_d55762